Slovenskí chovatelia živorodých rýb súťažili v ich chove

Podrobná bibliografia
Hlavný autor: Konôpka, Miroslav (Autor)
Médium: Článok
Jazyk:slovenčina
Fyzický popis:Fotogr., tab.
ISSN:1335-8308
Predmet:

MARC

LEADER 00000nab a2200000 ar4500
001 vtls008989970
003 SK-MaSNL
005 20260304022908.0
008 070517c2005 xo mr|p|||||||000 b|slo
015 |a SNBRB2007/05  |2 snkbucl 
038 |a SNKBUCL 
040 |a SNKBUCL  |b slo  |c SNKBUCL  |e AACR2 
041 0 |a slo 
044 |a xo  |c SK 
080 |a 636.98:597.2/.5:06.063  |2 1997 
100 1 |a Konôpka, Miroslav  |4 aut  |9 1194443 
245 1 0 |a Slovenskí chovatelia živorodých rýb súťažili v ich chove  |c Miroslav Konôpka 
300 |b Fotogr., tab. 
648 7 |a 2004  |2 snkbucl  |9 303492 
650 0 7 |a akváriové ryby  |2 snkbucl  |9 30232 
650 0 7 |a živorodé ryby  |2 snkbucl  |9 1302294 
650 0 7 |a chov rýb  |2 snkbucl  |9 2768 
650 0 7 |a súťaže  |2 snkbucl  |9 3301 
773 0 |t Aquatera  |g Roč. XI, č. 1 (2005), s. 48-51  |x 1335-8308 
852 |a SNK  |b KIS3GCP 
999 |c 2613435  |d 2615365